Loading...
| Fine Arts - Painting and Sculpture | 1 | 5 | 1 | 1 | 60 | 73 | 112.50 | 1 | 2 | 12.96 | 28.37 |
| Other Science (Math) | 1 | 3 | 2 | 0 | 35 | 73 | 95.50 | 0 | 3 | 21.74 | 49.25 |
| Science - Physics | 1 | 2 | 1 | 0 | 30 | 52 | 84.00 | 0 | 2 | 9.46 | 21.92 |
| Science - Chemistry | 0 | 3 | 2 | 0 | 20 | 106 | 117.33 | 0 | 0 | 3.90 | 11.14 |
| Other Science (Earth Science) | 0 | 2 | 0 | 0 | 20 | 90 | 93.00 | 0 | 2 | 35.63 | 85.13 |
| Other Science (Engineering) | 0 | 1 | 0 | 0 | 10 | 132 | 132.00 | 0 | 0 | 7.69 | 26.67 |
| Literature - British | 0 | 1 | 0 | 0 | 10 | 102 | 102.00 | 0 | 0 | 2.46 | 5.13 |
| Philosophy | 0 | 1 | 0 | 0 | 10 | 128 | 128.00 | 0 | 0 | 1.13 | 3.59 |
| Mythology | 0 | 1 | 0 | 1 | 10 | 156 | 156.00 | 0 | 0 | 0.11 | 1.11 |
| Religion | 0 | 1 | 0 | 0 | 10 | 138 | 138.00 | 0 | 0 | 0.47 | 2.96 |
| Other Culture | 0 | 1 | 0 | 1 | 10 | 138 | 138.00 | 0 | 0 | 1.04 | 8.33 |
| Literature - World | 0 | 1 | 0 | 0 | 10 | 146 | 146.00 | 0 | 0 | 0.05 | 0.55 |
| History - Other | 0 | 1 | 0 | 0 | 10 | 124 | 124.00 | 0 | 0 | 1.33 | 2.75 |
| Social Science | 0 | 1 | 2 | 0 | 0 | 129 | 129.00 | 0 | 0 | 0.65 | 1.18 |
| Geography | 0 | 0 | 0 | 0 | 0 | 0.00 | 0 | 0 | 0.00 | 0.00 | |
| History - World | 0 | 0 | 0 | 0 | 0 | 0.00 | 0 | 0 | 0.00 | 0.00 | |
| Other Science (Astronomy) | 0 | 0 | 0 | 0 | 0 | 0.00 | 0 | 0 | 0.00 | 0.00 | |
| Other Academic | 0 | 0 | 1 | 0 | -5 | 0.00 | 0 | 0 | 0.00 | 0.00 | |
| Science - Biology | 0 | 0 | 1 | 0 | -5 | 0.00 | 0 | 0 | 0.00 | 0.00 | |
| History - European | 0 | 0 | 1 | 0 | -5 | 0.00 | 0 | 0 | 0.00 | 0.00 | |
| History - American | 0 | 0 | 1 | 0 | -5 | 0.00 | 0 | 0 | 0.00 | 0.00 | |
| Fine Arts - Other Arts | 0 | 0 | 1 | 0 | -5 | 0.00 | 0 | 0 | 0.00 | 0.00 |